| 000 | 01260nam a2200361 i 4500 | ||
|---|---|---|---|
| 001 | 8205 | ||
| 003 | KOSZ 005 | ||
| 005 | 20210317133144.0 | ||
| 008 | 080721s1957 pl a f 001 0 pol | ||
| 015 | _aPB 1957/6830 | ||
| 040 |
_aWA N _cWA N _dKOSZ 005/RW _dKOSZ 005/HR |
||
| 041 | 1 |
_apol _hcze |
|
| 080 | _a530.145 | ||
| 080 | _a537.3 | ||
| 080 | _a621.382 | ||
| 100 | 1 |
_aMatyáš, Zdeněk _d(1914-1957) _eAutor |
|
| 245 | 1 | 0 |
_aWstęp do kwantowej teorii półprzewodników / _cZdeněk Matyáš ; [z czes. tł. Oskar Chomicki]. |
| 246 | 1 |
_iTyt. oryg.: _aÚvod do kvantové fysiky polovodičů |
|
| 260 |
_aWarszawa : _bPaństwowe Wydawnictwo Naukowe, _c1957. |
||
| 300 |
_a435, [1] s. : _bil. ; _c21 cm. |
||
| 380 | _aKsiążki | ||
| 388 | _a1901-2000 | ||
| 388 | _a1945-1989 | ||
| 504 | _aBibliogr. przy rozdz. Indeks. | ||
| 650 | 4 | _aPółprzewodniki | |
| 650 | 4 | _aMechanika kwantowa | |
| 658 | _aFizyka i astronomia | ||
| 658 | _aInżynieria i technika | ||
| 700 | 1 |
_aChomicki, Oskar Adolf _d(1931- ) _eTłumaczenie |
|
| 710 | 2 |
_aPaństwowe Wydawnictwo Naukowe _4pbl. |
|
| 856 |
_uhttp://koha.tu.koszalin.pl/cgi-bin/koha/opac-detail.pl?biblionumber=8205 _yKatalog online BPK |
||
| 942 |
_2UKD _cKS |
||
| 999 |
_c8205 _d8205 |
||